10 anys de projectes europeus a la província de Barcelona / Diputació de Barcelona
Descripción Física:
186 p. : fot. col. ; 24 cm
MARC
| LEADER | 00000nam a2200000Ia 4500 | ||
|---|---|---|---|
| 001 | 19190 | ||
| 003 | BGR | ||
| 005 | 20260324180051.0 | ||
| 008 | 160829s2007 xx 000 0 cat d | ||
| 080 | |a M-5-427 | ||
| 110 | 1 | |a Barcelona (Catalunya : Província). |b Diputació |9 52408 | |
| 245 | |a 10 anys de projectes europeus a la província de Barcelona / Diputació de Barcelona | ||
| 246 | |a Deu anys de projectes europeus a la província de Barcelona | ||
| 260 | |a Barcelona : |b Direcció de Comunicació de la Diptuació de Barcelona, |c 2007 | ||
| 300 | |a 186 p. : |b fot. col. ; |c 24 cm | ||
| 650 | 0 | |a Administració local |x Barcelona (Catalunya : Província) |9 30797 | |
| 901 | |a Arxiu | ||
| 942 | |n 1 |2 udc |c MON | ||
| 952 | |0 0 |1 0 |4 0 |6 M5427 |7 1 |9 52498 |a Arxiu |b Arxiu |d 2016-12-01 |l 0 |o M-5-427 |p 19190 |r 2016-12-01 00:00:00 |w 2016-12-01 |y ARXIU | ||
| 999 | |c 56346 |d 56346 | ||